10 Most Popular Juice WRLD Songs by Spotify Streams - Statistics

General Stats
  • This quiz has been taken 279 times
  • The average score is 6 of 10
Answer Stats
Spotify Streams Answer % Correct
2,001,255,345 Lucid Dreams
100%
1,066,638,189 All Girls Are The Same
92%
1,010,987,935 Robbery
85%
667,581,256 Wishing Well
65%
621,736,865 Lean Wit Me
59%
723,335,091 Come & Go
57%
602,022,932 Armed and Dangerous
53%
461,979,586 Wasted
51%
273,005,338 Let Me Know
32%
94,938,853 Cigarettes
13%
No matching quizzes found
Score Distribution
Percent of People with Each Score
Percentile by Number Answered
Your Score History
You have not taken this quiz